| 000 | 00668nam a2200181 a 4500 | ||
|---|---|---|---|
| 001 | 000035016 | ||
| 005 | 20240301105022.0 | ||
| 008 | 111024s1952 ag 000 0 spa d | ||
| 040 |
_aDO-SdBNP _bspa _cBNPHU |
||
| 082 |
_axxxx _bD677c |
||
| 100 | 1 |
_a Herrera R., Rafael Darío, _d1955- _q (Herrera Rodríguez), _9306 |
|
| 240 | 0 | 1 | _aChrist in concrete |
| 245 | 1 | 3 |
_aEl cristo del cemento. / _cPietro di Donato; traducción Josefina Martinez Alinari. |
| 260 |
_aBuenos Aires, : _bSiglo veinte, _c1952. |
||
| 300 |
_a249 p. ; _c18 cm. |
||
| 590 | _aPerteneció a la biblioteca personal de Juan Isidro Jimenes Grullón | ||
| 700 | 1 |
_aMartinez Alinari, Josefina _etrad. _947198 |
|
| 999 |
_c34507 _d34507 |
||